IFM Opac

Marketing: text, cases, and readings. (Record no. 16839)

MARC details
000 -LEADER
fixed length control field 00351cam a2200145 4500
082 ## - DEWEY DECIMAL CLASSIFICATION NUMBER
Classification number 658.8 HAN
100 1# - MAIN ENTRY--PERSONAL NAME
Personal name Hansen, Harry L.,
245 10 - TITLE STATEMENT
Title Marketing: text, cases, and readings.
250 ## - EDITION STATEMENT
Edition statement Rev. ed.
260 ## - PUBLICATION, DISTRIBUTION, ETC.
Place of publication, distribution, etc. Homewood, Ill.,
Name of publisher, distributor, etc. R.D. Irwin,
Date of publication, distribution, etc. 1956
300 ## - PHYSICAL DESCRIPTION
Extent 940 p.
Other physical details illus.
650 #0 - SUBJECT ADDED ENTRY--TOPICAL TERM
Topical term or geographic name entry element Marketing.
650 #7 - SUBJECT ADDED ENTRY--TOPICAL TERM
Topical term or geographic name entry element Mercadologia
942 ## - ADDED ENTRY ELEMENTS (KOHA)
Koha item type Books
Holdings
Withdrawn status Lost status Source of classification or shelving scheme Damaged status Not for loan Home library Current library Shelving location Date acquired Full call number Barcode Date last seen Price effective from Koha item type
    Dewey Decimal Classification     IFM Main Campus Library IFM Main Campus Library   10/07/2016 658.8 HAN 00000012018 10/07/2016 10/07/2016 Books